000 01134nam a2200289 i 4500
001 bg
003 BPK
005 20221019101033.0
008 s1994 pl f f |000 0 pol
040 _cBPK
080 _a620.2:
080 _a539.12
080 _a(075.8)
100 1 _aPrzybyłowicz, Karol
_d(1930- )
_eAutor
245 1 0 _aRepetytorium z materiałoznawstwa.
_nCz. 2,
_pFizyczne podstawy materiałoznawstwa /
_cKarol Przybyłowicz, Janusz Przybyłowicz.
246 3 0 _aFizyczne podstawy materiałoznawstwa
260 _aKielce :
_bPŚ. Dział Wydawnictw,
_c1994.
300 _a80 s., [1] k. tabl. złoż. :
_brys., wykr. ;
_c24 cm.
490 1 _aSkrypty / Politechnika Świętokrzyska,
_x0239-6386 ;
_v264
655 _aPodręczniki akademickie
650 4 _aMateriałoznawstwo
710 2 _aWydawnictwo Politechniki Świętokrzyskiej
_b
_4pbl.
700 1 _aPrzybyłowicz, Janusz
_eAutor
830 0 _aSkrypty - Politechnika Świętokrzyska,
_v264
942 _cKS
_2UKD
856 _uhttp://koha.tu.koszalin.pl/cgi-bin/koha/opac-detail.pl?biblionumber=6911
_yKatalog online BPK
999 _c6911
_d6911